<?xml version="1.0" encoding="UTF-8"?>
<record
    xmlns:xsi="http://www.w3.org/2001/XMLSchema-instance"
    xsi:schemaLocation="http://www.loc.gov/MARC21/slim http://www.loc.gov/standards/marcxml/schema/MARC21slim.xsd"
    xmlns="http://www.loc.gov/MARC21/slim">

  <leader>00709nam a22002777a 4500</leader>
  <controlfield tag="003">UA-OsUOA</controlfield>
  <controlfield tag="001"> 21592 </controlfield>
  <controlfield tag="007">ta</controlfield>
  <controlfield tag="008">20031211b un ||||| |||| 00| 0 ukr d</controlfield>
  <datafield tag="100" ind1=" " ind2=" ">
    <subfield code="a">&#x424;&#x456;&#x43B;&#x456;&#x43F;&#x435;&#x43D;&#x43A;&#x43E; &#x410;.&#x421;.</subfield>
  </datafield>
  <datafield tag="700" ind1=" " ind2=" ">
    <subfield code="a">&#x412;&#x435;&#x440;&#x433;&#x443;&#x43D; &#x412;.&#x410;.</subfield>
  </datafield>
  <datafield tag="700" ind1=" " ind2=" ">
    <subfield code="a">&#x411;&#x443;&#x440;&#x430;&#x43A;&#x456;&#x432;&#x441;&#x44C;&#x43A;&#x438;&#x439; &#x406;.&#x412;.</subfield>
  </datafield>
  <datafield tag="090" ind1=" " ind2=" ">
    <subfield code="a">339.9(075.8)</subfield>
    <subfield code="b">&#x415;40</subfield>
  </datafield>
  <datafield tag="942" ind1=" " ind2=" ">
    <subfield code="c">BK</subfield>
  </datafield>
  <datafield tag="040" ind1=" " ind2=" ">
    <subfield code="a">UA-OsUOA</subfield>
    <subfield code="b">ukr</subfield>
    <subfield code="c">UA-OsUOA</subfield>
    <subfield code="d">UA-OsUOA</subfield>
  </datafield>
  <datafield tag="245" ind1=" " ind2=" ">
    <subfield code="a">&#x415;&#x43A;&#x43E;&#x43D;&#x43E;&#x43C;&#x456;&#x43A;&#x430; &#x437;&#x430;&#x440;&#x443;&#x431;&#x456;&#x436;&#x43D;&#x438;&#x445; &#x43A;&#x440;&#x430;&#x457;&#x43D;</subfield>
    <subfield code="b">&#x41F;&#x456;&#x434;&#x440;&#x443;&#x447;&#x43D;&#x438;&#x43A;</subfield>
  </datafield>
  <datafield tag="300" ind1=" " ind2=" ">
    <subfield code="a">416 &#x441;.</subfield>
  </datafield>
  <datafield tag="955" ind1=" " ind2=" ">
    <subfield code="a">0</subfield>
  </datafield>
  <datafield tag="041" ind1=" " ind2=" ">
    <subfield code="a">ukr</subfield>
  </datafield>
  <datafield tag="080" ind1=" " ind2=" ">
    <subfield code="a">339.9(075.8)</subfield>
  </datafield>
  <datafield tag="020" ind1=" " ind2=" ">
    <subfield code="a">5-325-00622-3</subfield>
  </datafield>
  <datafield tag="260" ind1=" " ind2=" ">
    <subfield code="a">&#x41A;&#x438;&#x457;&#x432;</subfield>
    <subfield code="b">&#x41B;&#x438;&#x431;&#x456;&#x434;&#x44C;</subfield>
    <subfield code="c">1996</subfield>
  </datafield>
  <datafield tag="044" ind1=" " ind2=" ">
    <subfield code="a">UA</subfield>
  </datafield>
  <datafield tag="650" ind1=" " ind2="7">
    <subfield code="2">UDC</subfield>
  </datafield>
  <datafield tag="999" ind1=" " ind2=" ">
    <subfield code="c">307796</subfield>
    <subfield code="d">307796</subfield>
  </datafield>
  <datafield tag="952" ind1=" " ind2=" ">
    <subfield code="0">0</subfield>
    <subfield code="1">0</subfield>
    <subfield code="2">udc</subfield>
    <subfield code="4">0</subfield>
    <subfield code="7">0</subfield>
    <subfield code="a">102</subfield>
    <subfield code="b">102</subfield>
    <subfield code="d">2003-12-11</subfield>
    <subfield code="g">5.00</subfield>
    <subfield code="i">66200</subfield>
    <subfield code="l">0</subfield>
    <subfield code="o">339.9(075.8) &#x415;40</subfield>
    <subfield code="p">66200</subfield>
    <subfield code="r">2022-02-06 00:00:00</subfield>
    <subfield code="w">2003-12-11</subfield>
    <subfield code="y">BK</subfield>
  </datafield>
  <datafield tag="952" ind1=" " ind2=" ">
    <subfield code="0">0</subfield>
    <subfield code="1">0</subfield>
    <subfield code="2">udc</subfield>
    <subfield code="4">0</subfield>
    <subfield code="7">0</subfield>
    <subfield code="a">102</subfield>
    <subfield code="b">102</subfield>
    <subfield code="d">2003-12-11</subfield>
    <subfield code="g">5.00</subfield>
    <subfield code="i">66201</subfield>
    <subfield code="l">0</subfield>
    <subfield code="o">339.9(075.8) &#x415;40</subfield>
    <subfield code="p">66201</subfield>
    <subfield code="r">2022-02-06 00:00:00</subfield>
    <subfield code="w">2003-12-11</subfield>
    <subfield code="y">BK</subfield>
  </datafield>
  <datafield tag="952" ind1=" " ind2=" ">
    <subfield code="0">0</subfield>
    <subfield code="1">0</subfield>
    <subfield code="2">udc</subfield>
    <subfield code="4">0</subfield>
    <subfield code="7">0</subfield>
    <subfield code="a">102</subfield>
    <subfield code="b">102</subfield>
    <subfield code="d">2003-12-11</subfield>
    <subfield code="g">5.00</subfield>
    <subfield code="i">66202</subfield>
    <subfield code="l">0</subfield>
    <subfield code="o">339.9(075.8) &#x415;40</subfield>
    <subfield code="p">66202</subfield>
    <subfield code="r">2022-02-06 00:00:00</subfield>
    <subfield code="w">2003-12-11</subfield>
    <subfield code="y">BK</subfield>
  </datafield>
  <datafield tag="952" ind1=" " ind2=" ">
    <subfield code="0">0</subfield>
    <subfield code="1">0</subfield>
    <subfield code="2">udc</subfield>
    <subfield code="4">0</subfield>
    <subfield code="7">0</subfield>
    <subfield code="a">102</subfield>
    <subfield code="b">102</subfield>
    <subfield code="d">2004-01-14</subfield>
    <subfield code="g">12.15</subfield>
    <subfield code="i">66203</subfield>
    <subfield code="l">0</subfield>
    <subfield code="o">339.9(075.8) &#x415;40</subfield>
    <subfield code="p">66203</subfield>
    <subfield code="r">2022-02-06 00:00:00</subfield>
    <subfield code="w">2003-12-11</subfield>
    <subfield code="y">BK</subfield>
  </datafield>
  <datafield tag="952" ind1=" " ind2=" ">
    <subfield code="0">0</subfield>
    <subfield code="1">0</subfield>
    <subfield code="2">udc</subfield>
    <subfield code="4">0</subfield>
    <subfield code="7">0</subfield>
    <subfield code="a">102</subfield>
    <subfield code="b">102</subfield>
    <subfield code="d">2003-12-11</subfield>
    <subfield code="g">5.00</subfield>
    <subfield code="i">66204</subfield>
    <subfield code="l">0</subfield>
    <subfield code="o">339.9(075.8) &#x415;40</subfield>
    <subfield code="p">66204</subfield>
    <subfield code="r">2022-02-06 00:00:00</subfield>
    <subfield code="w">2003-12-11</subfield>
    <subfield code="y">BK</subfield>
  </datafield>
  <datafield tag="952" ind1=" " ind2=" ">
    <subfield code="0">0</subfield>
    <subfield code="1">0</subfield>
    <subfield code="2">udc</subfield>
    <subfield code="4">0</subfield>
    <subfield code="7">0</subfield>
    <subfield code="a">102</subfield>
    <subfield code="b">102</subfield>
    <subfield code="d">2003-12-11</subfield>
    <subfield code="g">5.00</subfield>
    <subfield code="i">66205</subfield>
    <subfield code="l">0</subfield>
    <subfield code="o">339.9(075.8) &#x415;40</subfield>
    <subfield code="p">66205</subfield>
    <subfield code="r">2022-02-06 00:00:00</subfield>
    <subfield code="w">2003-12-11</subfield>
    <subfield code="y">BK</subfield>
  </datafield>
  <datafield tag="952" ind1=" " ind2=" ">
    <subfield code="0">0</subfield>
    <subfield code="1">0</subfield>
    <subfield code="2">udc</subfield>
    <subfield code="4">0</subfield>
    <subfield code="7">0</subfield>
    <subfield code="a">102</subfield>
    <subfield code="b">102</subfield>
    <subfield code="d">2003-12-11</subfield>
    <subfield code="g">17.00</subfield>
    <subfield code="i">66206</subfield>
    <subfield code="l">0</subfield>
    <subfield code="o">339.9(075.8) &#x415;40</subfield>
    <subfield code="p">66206</subfield>
    <subfield code="r">2022-02-06 00:00:00</subfield>
    <subfield code="w">2003-12-11</subfield>
    <subfield code="y">BK</subfield>
  </datafield>
  <datafield tag="952" ind1=" " ind2=" ">
    <subfield code="0">0</subfield>
    <subfield code="1">0</subfield>
    <subfield code="2">udc</subfield>
    <subfield code="4">0</subfield>
    <subfield code="7">0</subfield>
    <subfield code="a">102</subfield>
    <subfield code="b">102</subfield>
    <subfield code="d">2003-12-11</subfield>
    <subfield code="g">5.00</subfield>
    <subfield code="i">66207</subfield>
    <subfield code="l">0</subfield>
    <subfield code="o">339.9(075.8) &#x415;40</subfield>
    <subfield code="p">66207</subfield>
    <subfield code="r">2022-02-06 00:00:00</subfield>
    <subfield code="w">2003-12-11</subfield>
    <subfield code="y">BK</subfield>
  </datafield>
  <datafield tag="952" ind1=" " ind2=" ">
    <subfield code="0">0</subfield>
    <subfield code="1">0</subfield>
    <subfield code="2">udc</subfield>
    <subfield code="4">0</subfield>
    <subfield code="7">0</subfield>
    <subfield code="a">102</subfield>
    <subfield code="b">102</subfield>
    <subfield code="d">2003-12-11</subfield>
    <subfield code="g">12.15</subfield>
    <subfield code="i">66208</subfield>
    <subfield code="l">0</subfield>
    <subfield code="o">339.9(075.8) &#x415;40</subfield>
    <subfield code="p">66208</subfield>
    <subfield code="r">2022-02-06 00:00:00</subfield>
    <subfield code="w">2003-12-11</subfield>
    <subfield code="y">BK</subfield>
  </datafield>
</record>
